000 00517nam a2200169Ia 4500
008 230917s9999||||xx |||||||||||||| ||und||
020 _cRS795
040 _e235906
_aMAIN
041 _aEnglish
082 _a355.00954 C345E
100 _aChadha, Vivek
245 0 _aEven it ain't broke yet do exit: Enhancing effectiveness through military change
260 _aNew Delhi
_bPentagon Press
_c2016
300 _axi, 192 p.
500 _a2464 23/11/2016 APD16/1043772 28/11/2016 Main Budget Periodicals
942 _cBK
999 _c19858
_d19858